01222naa#a2200229#i#4500001001600000005001700016011001400033100004100047101000800088102000700096200033300103210008300436215001000519608004500529675011000574700005800684700006000742700006400802700005400866700005200920856002000972RU\\bibl\12558920260630064648.2##a2077-7566##a20260629b2026####ek#y0rusy0150####ca0#aRUS##aRU1#aКЛИНИЧЕСКАЯ ЭФФЕКТИВНОСТЬ ПРИМЕНЕНИЯ ИНДИВИДУАЛЬНОГО ПРОГРАММИРУЕМОГО ПРИКУСНОГО БЛОКА ДЛЯ ПРОФИЛАКТИКИ ОБОСТРЕНИЯ СИМПТОМОВ МЫШЕЧНО-СУСТАВНОЙ ДИСФУНКЦИИeЖурнальная статья1#aЕкатеринбургcИздательский Дом «ТИРАЖ»d2026##a8 с.##aЖурнальная статья2local##aСтоматология. Заболевания ротовой полости и зубов. 616.31zRUS#1aНачарьянgДмитрий Георгиевич#1aАпресянgСамвел Владиславович#1aСтепановgАлександр Геннадьевич#1aКопыловgМаксим Валерьевич#1aМосковецgОксана Олеговна4#adental-press.ru